Представление документа в формате RUSMARC

ПолеНазваниеЗначение
  Тип записи a
  Библиографический уровень a
001 Контрольный номер RU/CBS_Ul/BASE/529514787
005 Дата корректировки 20240209175109.3
100 Данные общей обработки __
a Данные общей обработки 20161011d2016 ||| 0rusy0189 ca
101 Язык документа 0_
a Язык текста rus
102 Страна публикации __
a Страна публикации RU
105 Кодированные данные (монография) __
a Кодированные данные (монография) y###||||000|y
200 Заглавие и сведения об ответственности 1_
a Заглавие Книга и чтение в жизни героев Гончарова
b Общее обозначение материала Текст
f Первые сведения об ответственности Г. Меньшина
300 Общие примечания __
a Общие примечания Ограничения по возрасту - 12+
461 Уровень набора _0
1 2000
a Симбирскъ
463 Уровень физической единицы _0
1 001RU/CBS_Ul/BASE/529512011
1 2000
a № 8
v С. 9-11
1 210
d 2016
600 Персоналии _0
a Персоналии (Фамилия) Гончаров
b Персоналии (Имя, инициалы) И.А.
610 Ключевые слова 0_
a Ключевые слова литературные герои
610 Ключевые слова 0_
a Ключевые слова чтение
610 Ключевые слова 0_
a Ключевые слова герои романов Гончарова
610 Ключевые слова 0_
a Ключевые слова культура чтения
610 Ключевые слова 0_
a Ключевые слова пропаганда чтения
686 Индексы других классификаций __
a Классификационный индекс 83.3(2Рос=Рус)1
2 Код системы ББК
700 Автор _1
a Фамилия Меньшина
b Имя (инициалы) Г.
801 Источник записи _0
a Страна RU
b Организация МБУК ЦБС г. Ульяновска
c Дата составления 20161011
g Правила каталогизации RCR
801 Источник записи _1
a Страна RU
b Организация МБУК ЦБС г. Ульяновска
c Дата составления 20161011
g Правила каталогизации RCR
900 Электронные ресурсы __
a Имя электронного ресурса Меньшина Книга и чтение в жизни героев Гончарова
901 Тип документа __
t Тип документа b
w Контрольный № источника RU/CBS_Ul/BASE/529512011
910 Корректоры записи __
a Корректор записи Нецеевский
938 Служебная информация __
a Имя БД kraeved